| 000 | 00531nam a2200193Ia 4500 | ||
|---|---|---|---|
| 003 | OSt | ||
| 005 | 20240912154623.0 | ||
| 008 | 210210b1957 xxu||||| |||| 00| 0 eng d | ||
| 040 | _cAL | ||
| 041 | _akan | ||
| 082 | _a859/1823 | ||
| 100 |
_aVERN JULS _9156574 _dಜೂಲ್ಸ್ ವರ್ನೆ. |
||
| 245 |
_aSagaradadiyalli _bಸಾಗರದಡಿಯಲ್ಲಿ |
||
| 260 |
_aMangaluru _b- _c1957 |
||
| 690 |
_aKannada Fiction _9156575 |
||
| 700 |
_aBaliga _dಬಾಳಿಗ _9179098 |
||
| 906 | _a022543 | ||
| 942 |
_2ddc _cBK |
||
| 999 |
_c146955 _d146955 |
||